[Event "4. Wittelsbacher Weihnachts-Schach-Open"]
[Site "Kelheim"]
[Date "2015.12.28"]
[Round "3.25"]
[White "Guckes, Fabian"]
[Black "Kues, Manuel"]
[Result "1/2-1/2"]
[WhiteElo "1681"]
[BlackElo "1986"]
[PlyCount "92"]
[EventDate "2015.??.??"]
[WhiteTeam "SV Worms"]
[BlackTeam "TSV Kareth-Lappersdorf"]

1. e4 c5 2. Nf3 e6 3. c3 Nc6 4. d4 cxd4 5. cxd4 d5 6. e5 Nge7 7. Bd3 Nb4 8. O-O
Nxd3 9. Qxd3 Ng6 10. Nc3 Be7 11. Bd2 O-O 12. a3 f6 13. Rfe1 fxe5 14. Nxe5 Nxe5
15. Rxe5 Bd7 16. b4 Bd6 17. Re3 Qh4 18. g3 Qh3 19. Rf3 Rxf3 20. Qxf3 Rf8 21.
Qg2 Qf5 22. f4 Qd3 23. Qf2 Rc8 24. Rc1 Rc4 25. Qe3 Rxd4 26. Qxd3 Rxd3 27. Be1
e5 28. Ne2 Bg4 29. fxe5 Bxe5 30. Nf4 Bxf4 31. gxf4 Rxa3 32. Rc5 d4 33. Ra5 Rf3
34. Rxa7 Bh3 35. Bf2 Rc3 36. Bxd4 Rc7 37. Be5 Rc1+ 38. Kf2 Rc2+ 39. Kg3 Bg2 40.
Ra3 Bc6 41. h4 Rg2+ 42. Kh3 Rg1 43. Rb3 Rh1+ 44. Kg3 Bd7 45. Rc3 Rh3+ 46. Kf2
Rxc3 1/2-1/2

[Event "4. Wittelsbacher Weihnachts-Schach-Open"]
[Site "Kelheim"]
[Date "2015.12.28"]
[Round "3.26"]
[White "Bruckmeier, Bernhard"]
[Black "Obermeier, Johannes"]
[Result "1/2-1/2"]
[WhiteElo "1931"]
[BlackElo "1807"]
[PlyCount "78"]
[EventDate "2015.??.??"]
[BlackTeam "SK Kelheim"]

1. d4 Nf6 2. c4 e6 3. Nf3 d5 4. e3 Be7 5. Nbd2 Nbd7 6. Bd3 O-O 7. b3 b6 8. O-O
Bb7 9. Bb2 c5 10. Qe2 Ne4 11. Rac1 Rc8 12. Rfd1 Ndf6 13. Ne5 Qc7 14. Nf1 Rfd8
15. f3 Nd6 16. Ng3 h6 17. Kh1 Qb8 18. f4 Nde4 19. Bxe4 Nxe4 20. Nxe4 dxe4 21.
Qh5 Rf8 22. Nd7 Qc7 23. Nxf8 Bxf8 24. d5 exd5 25. cxd5 Qd7 26. f5 Rd8 27. Rc2
Bc8 28. f6 g6 29. Qe5 Qg4 30. Rf1 Bd6 31. Qc3 Qh4 32. g3 Bxg3 33. Rg1 Bf2 34.
Rg2 Rxd5 35. Rd2 Be1 36. Rxd5 Bxc3 37. Rd8+ Kh7 38. Bxc3 Be6 39. Rg3 Qh5
1/2-1/2

[Event "4. Wittelsbacher Weihnachts-Schach-Open"]
[Site "Kelheim"]
[Date "2015.12.28"]
[Round "3.27"]
[White "Bildt, Thomas"]
[Black "Dietl, Harald"]
[Result "1-0"]
[WhiteElo "1981"]
[BlackElo "1802"]
[PlyCount "133"]
[EventDate "2015.??.??"]
[WhiteTeam "SK Zirndorf"]
[BlackTeam "SK Abensberg"]

1. e4 c5 2. Nc3 Nc6 3. Nf3 g6 4. g3 Bg7 5. Bg2 Nf6 6. O-O O-O 7. d3 d5 8. exd5
Nxd5 9. Nxd5 Qxd5 10. Re1 Qh5 11. Ng5 Qxd1 12. Rxd1 Bf5 13. Be3 Bd4 14. Ne4 Bg4
15. Rd2 b6 16. c3 Bxe3 17. fxe3 Rac8 18. d4 cxd4 19. exd4 Na5 20. Re1 Nc4 21.
Rf2 Rc7 22. Ng5 Nd6 23. Bd5 e6 24. Bb3 h6 25. Nf3 Bf5 26. Ne5 Ne4 27. Rfe2 Nf6
28. Kg2 Kg7 29. h3 g5 30. Kh2 Bg6 31. Nxg6 Kxg6 32. Rf1 Nd5 33. Bxd5 exd5 34.
Re5 Rd7 35. g4 f6 36. Re6 Rff7 37. Kg2 Rde7 38. Rfxf6+ Rxf6 39. Rxe7 Rd6 40.
Kf2 a6 41. Re5 h5 42. gxh5+ Kxh5 43. Kg3 Kh6 44. Kg4 b5 45. Rxg5 a5 46. Re5 b4
47. cxb4 axb4 48. a3 bxa3 49. bxa3 Rg6+ 50. Kf4 Rf6+ 51. Rf5 Ra6 52. Rxd5 Rxa3
53. Rf5 Rxh3 54. Ke5 Re3+ 55. Kd6 Kg6 56. Rf1 Re2 57. d5 Kg7 58. Kd7 Ra2 59. d6
Rd2 60. Kc7 Rc2+ 61. Kd8 Rd2 62. d7 Rd3 63. Rf4 Rd1 64. Kc7 Rc1+ 65. Kd6 Rd1+
66. Kc6 Rd2 67. Rc4 1-0

[Event "4. Wittelsbacher Weihnachts-Schach-Open"]
[Site "Kelheim"]
[Date "2015.12.28"]
[Round "3.28"]
[White "Lukas, Anne"]
[Black "Bartonicek, Zdenek"]
[Result "1/2-1/2"]
[WhiteElo "1810"]
[BlackElo "1905"]
[PlyCount "81"]
[EventDate "2015.??.??"]
[WhiteTeam "SK Gernsheim"]
[BlackTeam "TSV Kirchenlaibach"]

1. d4 Nf6 2. c4 e6 3. Nf3 Bb4+ 4. Bd2 Bxd2+ 5. Qxd2 O-O 6. Nc3 d5 7. e3 Nbd7 8.
cxd5 exd5 9. Bd3 Re8 10. O-O c6 11. Qc2 Nf8 12. b4 a6 13. a4 Qd6 14. b5 c5 15.
dxc5 Qxc5 16. Nd4 Qd6 17. h3 Bd7 18. bxa6 bxa6 19. Qa2 Re5 20. Nf3 Rh5 21. Ne2
Rh6 22. Ng3 g6 23. Rfd1 Nh5 24. Nxh5 Rxh5 25. Bf1 Qf6 26. Qe2 Be6 27. g4 Rg5
28. Nxg5 Qxg5 29. Qf3 h5 30. Qf4 Qxf4 31. exf4 hxg4 32. hxg4 Bxg4 33. Rxd5 Ne6
34. Ra5 Kg7 35. Ra3 Nxf4 36. f3 Be6 37. Rxa6 Rc8 38. Ra1 Rc3 39. Bg2 Rc2 40.
Bf1 Rc3 41. Bg2 1/2-1/2

[Event "4. Wittelsbacher Weihnachts-Schach-Open"]
[Site "Kelheim"]
[Date "2015.12.28"]
[Round "3.29"]
[White "Bodenschatz, Josef"]
[Black "Mühlich, Cornelius"]
[Result "0-1"]
[WhiteElo "2005"]
[BlackElo "1771"]
[PlyCount "54"]
[EventDate "2015.??.??"]
[WhiteTeam "TSV Kirchenlaibach"]
[BlackTeam "SK Kelheim"]

1. e4 c6 2. f4 d5 3. exd5 cxd5 4. Nf3 Nc6 5. Bb5 Nf6 6. Qe2 a6 7. Bxc6+ bxc6 8.
Ne5 Qb6 9. Nc3 e6 10. b3 Bd6 11. Bb2 c5 12. Na4 Qc7 13. g3 O-O 14. d3 Bb7 15.
Rf1 Rae8 16. O-O-O Nd7 17. Nxd7 Qxd7 18. Nc3 Qc6 19. Kb1 Rc8 20. Rf2 c4 21.
bxc4 dxc4 22. Ne4 Qb6 23. Ka1 Bxe4 24. Bxg7 Bxd3 25. cxd3 Kxg7 26. dxc4 Be7 27.
a3 Qb3 0-1

[Event "4. Wittelsbacher Weihnachts-Schach-Open"]
[Site "Kelheim"]
[Date "2015.12.28"]
[Round "3.30"]
[White "Winkelmeier, Alfred"]
[Black "Lutzky, Manfred"]
[Result "1-0"]
[WhiteElo "1691"]
[BlackElo "1890"]
[PlyCount "83"]
[EventDate "2015.??.??"]
[WhiteTeam "SV Ilmmünster"]
[BlackTeam "SC Noris-Tarrasch Nürnberg"]

1. e4 e5 2. Bc4 Nc6 3. Nf3 Bc5 4. O-O d6 5. d3 Nf6 6. c3 Be6 7. Bxe6 fxe6 8.
Qb3 Qd7 9. Ng5 Nd8 10. Be3 Bb6 11. Nd2 h6 12. Bxb6 axb6 13. Ngf3 O-O 14. a3 Nh5
15. d4 exd4 16. cxd4 Qf7 17. Rac1 Nf4 18. Qe3 c5 19. Nc4 Nc6 20. dxc5 bxc5 21.
Nxd6 Qg6 22. g3 Qg4 23. Kh1 Nd4 24. Ne5 Qh5 25. gxf4 Ne2 26. Rxc5 b6 27. Rb5
Nxf4 28. Nef7 Qh4 29. Qg3 Qf6 30. e5 Ne2 31. Qg4 Qe7 32. Qxe2 Rxf7 33. Nxf7
Qxf7 34. Rxb6 Rf8 35. f4 Qc7 36. Qe3 Qc2 37. Rc1 Qf5 38. Rb4 Rd8 39. Rbc4 Rd3
40. Qe2 g5 41. Qh5 Rh3 42. Rc8+ 1-0

[Event "4. Wittelsbacher Weihnachts-Schach-Open"]
[Site "Kelheim"]
[Date "2015.12.28"]
[Round "3.31"]
[White "Zinner, Bernhard"]
[Black "Schindler, Gernot"]
[Result "1/2-1/2"]
[WhiteElo "1795"]
[BlackElo "2028"]
[PlyCount "83"]
[EventDate "2015.??.??"]
[WhiteTeam "TV Geiselhöring"]
[BlackTeam "SK Kelheim"]

1. d4 f5 2. c4 Nf6 3. Nf3 d6 4. Nc3 g6 5. g3 Bg7 6. Bg2 O-O 7. O-O Qe8 8. b3 e5
9. dxe5 dxe5 10. Ba3 Rf7 11. Qc2 Nc6 12. e3 a5 13. Nb5 Nb4 14. Qe2 Ne4 15. Bb2
c6 16. a3 Na6 17. Nc3 Nf6 18. Rfd1 Re7 19. Na4 f4 20. Qd2 Bg4 21. Nb6 Rb8 22.
exf4 e4 23. Ne5 Bxd1 24. Rxd1 Nc5 25. b4 axb4 26. axb4 Ne6 27. Ba3 Rd8 28. Qe1
Rxd1 29. Qxd1 Qd8 30. Qxd8+ Nxd8 31. b5 Re8 32. Bh3 Bf8 33. bxc6 Nxc6 34. Bb2
Nxe5 35. fxe5 Nh5 36. Nd7 Bg7 37. Kf1 Ra8 38. Be6+ Kh8 39. c5 Re8 40. Bh3 Ra8
41. Be6 Re8 42. Bh3 1/2-1/2

[Event "4. Wittelsbacher Weihnachts-Schach-Open"]
[Site "Kelheim"]
[Date "2015.12.28"]
[Round "3.32"]
[White "Schmid, Bernhard"]
[Black "Löchel, Günter"]
[Result "1-0"]
[WhiteElo "1904"]
[BlackElo "1617"]
[PlyCount "89"]
[EventDate "2015.??.??"]
[WhiteTeam "SC Sinzing"]
[BlackTeam "SC Kreut"]

1. d4 d5 2. c4 Nf6 3. cxd5 Qxd5 4. Nc3 Qa5 5. Bd2 c6 6. e4 Qb6 7. Nf3 Bg4 8.
Bc4 e6 9. Qb3 Qxb3 10. Bxb3 Bxf3 11. gxf3 Nbd7 12. Rg1 Nb6 13. O-O-O g6 14. Bg5
Bg7 15. Rd3 h6 16. Bh4 g5 17. f4 gxh4 18. Rxg7 Rg8 19. Rxg8+ Nxg8 20. Kd2 Rd8
21. d5 exd5 22. exd5 Nf6 23. dxc6 Rxd3+ 24. Kxd3 bxc6 25. f3 Ke7 26. Kd4 Nfd7
27. Ne4 f5 28. Nc5 Kd6 29. Nxd7 Nxd7 30. Bc2 c5+ 31. Kc4 Nb6+ 32. Kb5 Nd5 33.
Bxf5 a6+ 34. Ka5 Nxf4 35. Kxa6 Nd5 36. a4 Ne3 37. Be4 Nc4 38. a5 Nxb2 39. Kb7
Nc4 40. a6 Na5+ 41. Kb8 Nc4 42. a7 Nb6 43. Kb7 Na8 44. Kxa8 Kc7 45. f4 1-0

[Event "4. Wittelsbacher Weihnachts-Schach-Open"]
[Site "Kelheim"]
[Date "2015.12.28"]
[Round "3.33"]
[White "Brunner, Tobias"]
[Black "Altmann, Jens"]
[Result "1/2-1/2"]
[WhiteElo "1639"]
[BlackElo "1988"]
[PlyCount "95"]
[EventDate "2015.??.??"]
[WhiteTeam "TSV Nittenau"]
[BlackTeam "SF Leipzig-Südost"]

1. e4 e5 2. Nf3 Nc6 3. Bc4 Bc5 4. O-O Nf6 5. d3 d6 6. h3 h6 7. a4 O-O 8. c3 a6
9. Nh2 Bd7 10. Kh1 Ne7 11. f4 exf4 12. Bxf4 Ng6 13. Bd2 Qe7 14. Qe2 d5 15. Bb3
dxe4 16. d4 Bd6 17. Bc2 Rae8 18. Be3 Nd5 19. Nd2 Nxe3 20. Qxe3 f5 21. Rae1 Qh4
22. Nc4 Bf4 23. Qg1 b5 24. Ne3 bxa4 25. Nd5 Bg3 26. Ra1 Bb5 27. Bxa4 Bxf1 28.
Bxe8 Bxg2+ 29. Qxg2 Rxe8 30. Rg1 f4 31. Nf1 Qh5 32. Nxg3 Qxd5 33. Ne2 Qg5 34.
Qxg5 hxg5 35. Rxg5 Kf7 36. Nxf4 Nxf4 37. Rf5+ Kg6 38. Rxf4 e3 39. Rf1 Kg5 40.
Kg2 e2 41. Re1 Kh4 42. Kf3 g5 43. c4 Rf8+ 44. Kg2 Rf4 45. Rxe2 Rxd4 46. b3 Rd3
47. Re4+ Kh5 48. b4 1/2-1/2

[Event "4. Wittelsbacher Weihnachts-Schach-Open"]
[Site "Kelheim"]
[Date "2015.12.28"]
[Round "3.34"]
[White "Ulmer, Heinz"]
[Black "Aunkofer, Günter"]
[Result "1/2-1/2"]
[WhiteElo "1914"]
[BlackElo "1826"]
[PlyCount "68"]
[EventDate "2015.??.??"]
[BlackTeam "TSV Mainburg"]

1. d4 d5 2. c4 c6 3. cxd5 cxd5 4. Nf3 Nc6 5. Nc3 g6 6. Bf4 Bg7 7. e3 a6 8. a3
Nf6 9. Bd3 O-O 10. O-O Nh5 11. Bg3 Nxg3 12. hxg3 Bg4 13. Be2 b5 14. b4 Qd6 15.
Rc1 Rac8 16. Nh2 Bxe2 17. Qxe2 e5 18. dxe5 Qxe5 19. Nf3 Qf5 20. Qd2 Rfd8 21.
Ne2 Ne5 22. Nxe5 Qxe5 23. Nd4 Rc4 24. Nc6 Qc7 25. Nxd8 Qxd8 26. Rxc4 bxc4 27.
Rd1 Qf6 28. Qxd5 Qc3 29. Qa8+ Bf8 30. Qxa6 Qb3 31. Rd8 Kg7 32. Rc8 Qd1+ 33. Kh2
Qh5+ 34. Kg1 Qd1+ {1/2-1/2 (34)} 1/2-1/2

[Event "4. Wittelsbacher Weihnachts-Schach-Open"]
[Site "Kelheim"]
[Date "2015.12.28"]
[Round "3.35"]
[White "Meyer, Nico"]
[Black "Schindler, Tobias"]
[Result "0-1"]
[WhiteElo "1537"]
[BlackElo "1748"]
[PlyCount "72"]
[EventDate "2015.??.??"]
[WhiteTeam "SC Bechhofen"]
[BlackTeam "SK Kelheim"]

1. e4 c6 2. d4 d5 3. e5 Bf5 4. Ne2 e6 5. Ng3 Bg6 6. h4 h5 7. Be2 Nd7 8. Be3 c5
9. c3 f6 10. exf6 Ngxf6 11. Nd2 Bd6 12. Rh3 Qe7 13. Nf3 Ng4 14. Ng5 cxd4 15.
Bxd4 e5 16. Be3 d4 17. Bd2 Ngf6 18. Bf3 e4 19. Be2 d3 20. Bf1 Ng4 21. Qa4 e3
22. fxe3 Nxe3 23. N3e4 {Keine Angabe/Bedeutung, welcher Springer} Nxf1 24. Kxf1
O-O+ 25. Rf3 Rxf3+ 26. gxf3 Rf8 27. Qc4+ Kh8 28. Qxd3 Bc7 29. Re1 Nc5 30. Qe2
Nxe4 31. Nxe4 Qxh4 32. Bg5 Qh3+ 33. Kg1 Rxf3 34. Qg2 Qxg2+ 35. Kxg2 Bxe4 36.
Rxe4 Rg3+ 0-1

[Event "4. Wittelsbacher Weihnachts-Schach-Open"]
[Site "Kelheim"]
[Date "2015.12.28"]
[Round "3.36"]
[White "Weidenhöfer, Robert"]
[Black "Malzer, Werner"]
[Result "0-1"]
[WhiteElo "1691"]
[BlackElo "1904"]
[PlyCount "64"]
[EventDate "2015.??.??"]
[WhiteTeam "SW Nürnberg Süd"]
[BlackTeam "TSV Kirchenlaibach"]

1. b3 e5 2. Bb2 d6 3. e3 Nc6 4. Bb5 Bd7 5. Ne2 a6 6. Bxc6 Bxc6 7. O-O Qg5 8.
Ng3 h5 9. f3 h4 10. Ne4 Qg6 11. d3 f5 12. Nf2 h3 13. g3 O-O-O 14. c4 Nf6 15. e4
fxe4 16. dxe4 Be7 17. Nc3 Nh5 18. Nh1 d5 19. exd5 Bc5+ 20. Rf2 Rhf8 21. Ne4
Bxf2+ 22. Nhxf2 Bd7 23. g4 Nf6 24. Ng3 Rde8 25. b4 Nh7 26. Bc1 Rf7 27. Nd3 e4
28. Nf4 Qb6+ 29. c5 Qxb4 30. Nxe4 Rxe4 31. fxe4 Qxe4 32. Qe2 Rxf4 0-1

[Event "4. Wittelsbacher Weihnachts-Schach-Open"]
[Site "Kelheim"]
[Date "2015.12.28"]
[Round "3.37"]
[White "Pohl, Steffen"]
[Black "Häusler, Florian"]
[Result "1/2-1/2"]
[WhiteElo "1869"]
[BlackElo "1806"]
[PlyCount "66"]
[EventDate "2015.??.??"]
[WhiteTeam "SK Schwanstetten"]
[BlackTeam "TSV Kareth-Lappersdorf"]

1. Nc3 c5 2. Nf3 d6 3. d4 cxd4 4. Nxd4 Nf6 5. g3 a6 6. Bg2 g6 7. O-O Bg7 8. h3
O-O 9. Be3 h6 10. Nb3 Qc7 11. Na4 Nbd7 12. Rc1 b5 13. Bxa8 bxa4 14. Na1 Nb6 15.
Bg2 Nc4 16. Bd4 e5 17. Bc3 Be6 18. Qe1 Nd5 19. Rd1 Nxc3 20. Qxc3 e4 21. Qe1
Nxb2 22. Rb1 Bxa2 23. Bxe4 Bc3 24. Qc1 Bxb1 25. Qxb1 Nc4 26. Qb7 Qxb7 27. Bxb7
a5 28. Bc6 a3 29. Nb3 Nd2 30. Nxd2 Bxd2 31. Ra1 Bb4 32. Kg2 Rc8 33. Ba4 Rc3
1/2-1/2

[Event "4. Wittelsbacher Weihnachts-Schach-Open"]
[Site "Kelheim"]
[Date "2015.12.28"]
[Round "3.38"]
[White "Gottschall, Ina"]
[Black "Seifert, Werner"]
[Result "0-1"]
[WhiteElo "1751"]
[BlackElo "1985"]
[PlyCount "48"]
[EventDate "2015.??.??"]
[WhiteTeam "USV TU Dresden"]
[BlackTeam "SV WB Allianz München"]

1. d4 Nf6 2. c4 g6 3. Nc3 Bg7 4. e4 d6 5. Nf3 O-O 6. Be2 e5 7. Be3 c6 8. O-O
exd4 9. Nxd4 Re8 10. Qc2 Qe7 11. f3 d5 12. cxd5 cxd5 13. Bg5 Qe5 14. Bxf6 Bxf6
15. Nb3 dxe4 16. fxe4 Be6 17. Rad1 Bg7 18. Qd2 Nc6 19. Qf4 Red8 20. Qxe5 Bxe5
21. Nc5 Bd4+ 22. Rxd4 Nxd4 23. Kf2 Nxe2 24. Kxe2 Bc4+ 0-1

[Event "4. Wittelsbacher Weihnachts-Schach-Open"]
[Site "Kelheim"]
[Date "2015.12.28"]
[Round "3.39"]
[White "Krause, Karl-Heinz"]
[Black "Grasser, Martin"]
[Result "0-1"]
[WhiteElo "1428"]
[BlackElo "1902"]
[PlyCount "70"]
[EventDate "2015.??.??"]
[WhiteTeam "SK Landau-Dingolfing"]
[BlackTeam "Regensburger Turnerschaft"]

1. e4 c5 2. Nc3 Nc6 3. Bc4 a6 4. Nf3 b5 5. Be2 Bb7 6. d3 g6 7. Rb1 Bg7 8. Bd2
d6 9. O-O Nf6 10. Qc1 h5 11. Nh4 b4 12. Nd5 Nxd5 13. exd5 Nd4 14. Qd1 Bxd5 15.
c3 Nxe2+ 16. Qxe2 e6 17. c4 Qxh4 18. cxd5 e5 19. f4 O-O 20. f5 Rfe8 21. g3 Qd4+
22. Be3 Qxd5 23. f6 Bf8 24. Qd2 Kh7 25. Rbc1 e4 26. d4 cxd4 27. Rf4 Bh6 28.
Rcf1 Bxf4 29. Rxf4 Rac8 30. Qd1 d3 31. g4 Rc2 32. Rf5 Re5 33. gxh5 Rxf5 34.
hxg6+ Kxg6 35. Qg4+ Rg5 0-1

[Event "4. Wittelsbacher Weihnachts-Schach-Open"]
[Site "Kelheim"]
[Date "2015.12.28"]
[Round "3.40"]
[White "Kaiser, Dominik"]
[Black "Hartmann, Willibald"]
[Result "1-0"]
[WhiteElo "1906"]
[BlackElo "1546"]
[PlyCount "114"]
[EventDate "2015.??.??"]
[WhiteTeam "TSV Kareth-Lappersdorf"]
[BlackTeam "TSV Mindelheim"]

1. e4 Nf6 2. Nc3 Nc6 3. Nf3 d6 4. d4 Bg4 5. Be3 a6 6. Bc4 g6 7. h3 Bxf3 8. Qxf3
Bg7 9. O-O O-O 10. Rad1 Qe8 11. g4 b5 12. Bb3 Na5 13. Ne2 Nxb3 14. cxb3 Nd7 15.
Rd2 e6 16. Rc1 Rc8 17. b4 c6 18. Rdc2 h6 19. Qg3 Nb6 20. Qxd6 Nc4 21. Qg3 Qe7
22. a3 Rfd8 23. Rxc4 bxc4 24. Rxc4 e5 25. dxe5 Rd1+ 26. Kg2 Bxe5 27. f4 Bxb2
28. f5 Kg7 29. g5 h5 30. f6+ Bxf6 31. gxf6+ Qxf6 32. Bd4 Rxd4 33. Rxd4 c5 34.
Rd5 cxb4 35. axb4 Rc2 36. Qd3 Qb2 37. Kf1 Qf6+ 38. Kg2 Qb2 39. Kf2 Qf6+ 40. Ke3
Rb2 41. Qd4 Rb3+ 42. Kd2 Rb2+ 43. Kd3 Rb3+ 44. Nc3 Qxd4+ 45. Rxd4 Rb2 46. Kc4
Ra2 47. Rd3 h4 48. Kc5 Rg2 49. Kb6 Rb2 50. Nd5 Re2 51. Re3 Ra2 52. Nc7 Rg2 53.
Kxa6 Rg3 54. Nd5 g5 55. b5 g4 56. Rxg3 hxg3 57. Nf4 Kf6 1-0

[Event "4. Wittelsbacher Weihnachts-Schach-Open"]
[Site "Kelheim"]
[Date "2015.12.28"]
[Round "3.41"]
[White "Doleschal, Johannes"]
[Black "Tautz, Helmut"]
[Result "1-0"]
[WhiteElo "1968"]
[BlackElo "1522"]
[PlyCount "81"]
[EventDate "2015.??.??"]
[WhiteTeam "TSV Kirchenlaibach"]
[BlackTeam "SK Kelheim"]

1. d4 Nc6 2. c4 d5 3. e3 Nf6 4. Nf3 Bg4 5. cxd5 Qxd5 6. Be2 e5 7. Nc3 Bb4 8.
O-O Bxc3 9. bxc3 e4 10. Nd2 Bxe2 11. Qxe2 O-O 12. Nb3 Qg5 13. c4 b6 14. Bb2
Rfe8 15. Bc3 Ng4 16. h3 Nf6 17. a4 a5 18. c5 Nd5 19. Bd2 Ncb4 20. Rab1 Nd3 21.
cxb6 cxb6 22. Nc1 Qg6 23. Rb5 N5b4 24. Nxd3 exd3 25. Qd1 Nc2 26. Qc1 Rac8 27.
Qb2 Rc6 28. Rb1 Nb4 29. Bxb4 Rc2 30. Qb3 Rxe3 31. Be1 h6 32. Rxb6 Qe4 33. Rb8+
Kh7 34. Qxf7 Rxe1+ 35. Rxe1 Qxe1+ 36. Kh2 Qxf2 37. Qg8+ Kg6 38. Rb6+ Kg5 39.
Qxg7+ Kf4 40. Rf6+ Ke3 41. Qxh6+ 1-0

[Event "4. Wittelsbacher Weihnachts-Schach-Open"]
[Site "Kelheim"]
[Date "2015.12.28"]
[Round "3.42"]
[White "Nöckler, Alexander"]
[Black "Antczak, Lena"]
[Result "1-0"]
[WhiteElo "1933"]
[BlackElo "1654"]
[PlyCount "59"]
[EventDate "2015.??.??"]
[WhiteTeam "SK Weiden"]
[BlackTeam "SK Kelheim"]

1. c4 e5 2. Nc3 Nc6 3. g3 f5 4. Bg2 Nf6 5. a3 g6 6. e3 Bg7 7. Nge2 O-O 8. O-O
d6 9. Qc2 h6 10. d3 g5 11. f4 g4 12. Bd2 h5 13. b4 h4 14. b5 Ne7 15. Rac1 Ng6
16. Nd5 Nd7 17. e4 Nc5 18. Be3 b6 19. fxe5 Bxe5 20. d4 f4 21. gxf4 h3 22. Bh1
Qh4 23. dxe5 g3 24. Nxg3 Bd7 25. Nxc7 Rac8 26. Nd5 dxe5 27. f5 Nf4 28. Bxf4
exf4 29. Rxf4 Qg5 30. Qd1 1-0

[Event "4. Wittelsbacher Weihnachts-Schach-Open"]
[Site "Kelheim"]
[Date "2015.12.28"]
[Round "3.43"]
[White "Kutschera, Reinhardt"]
[Black "Schilay, Lorenz"]
[Result "0-1"]
[WhiteElo "1535"]
[BlackElo "1760"]
[PlyCount "72"]
[EventDate "2015.??.??"]
[WhiteTeam "DJK-Regensburg Nord"]
[BlackTeam "SK Neumarkt"]

1. c4 Nf6 2. d4 g6 3. Nc3 d5 4. Bg5 Ne4 5. Nxe4 dxe4 6. d5 Bg7 7. Qa4+ Nd7 8.
Qb4 h6 9. Bf4 O-O 10. c5 a5 11. Qa3 Ne5 12. Rd1 Nc4 13. Qb3 Nxb2 14. Rd2 a4 15.
Qb4 a3 16. e3 Ra4 17. Qb3 c6 18. dxc6 Qa5 19. cxb7 Bxb7 20. Ne2 Nd3+ 21. Kd1
Rb4 22. Rxd3 exd3 23. Bc7 dxe2+ 24. Kxe2 Ba6+ 25. Kf3 Rxb3 26. Bxa5 Rb1 27.
Bxa6 Rxh1 28. Bb4 Rb8 29. Bxa3 Ra8 30. Bb7 Rxa3 31. Ke4 e6 32. h3 Rc1 33. c6
Rxa2 34. f4 Rxg2 35. Kd3 f5 36. c7 Rc3# 0-1

[Event "4. Wittelsbacher Weihnachts-Schach-Open"]
[Site "Kelheim"]
[Date "2015.12.28"]
[Round "3.44"]
[White "Adlhoch, Walter"]
[Black "Latzel, Wolfgang"]
[Result "0-1"]
[WhiteElo "1537"]
[BlackElo "1943"]
[PlyCount "112"]
[EventDate "2015.??.??"]
[WhiteTeam "SK Schwandorf"]
[BlackTeam "SK Landshut"]

1. c4 d6 2. Nc3 g6 3. d4 Bg7 4. e4 Nc6 5. Be3 e5 6. d5 Nce7 7. Qd2 f5 8. f4 Nf6
9. fxe5 dxe5 10. exf5 gxf5 11. Bh6 O-O 12. Qg5 Ng6 13. Bxg7 Kxg7 14. Nf3 Kh8
15. h3 Bd7 16. O-O-O Qe7 17. g3 Rae8 18. Nh4 Nxh4 19. Qxh4 Rg8 20. Be2 Rg7 21.
c5 e4 22. d6 Qe5 23. dxc7 Rc8 24. Nd5 Nxd5 25. Qd8+ Rg8 26. Qxd7 Nxc7 27. Kb1
Qxc5 28. Rc1 Qe5 29. Rhf1 Rgf8 30. Rc3 Qg7 31. Qxg7+ Kxg7 32. Rc5 Ne6 33. Rxc8
Rxc8 34. Rxf5 Nd4 35. Rg5+ Kf6 36. Bg4 Kxg5 37. Bxc8 e3 38. Kc1 Ne2+ 39. Kd1
Nxg3 40. Bxb7 Kf4 41. Ke1 h5 42. b4 h4 43. a4 Ke5 44. b5 Kd6 45. a5 Kc7 46. a6
Kb6 47. Bc6 Nf5 48. Bd7 Nd4 49. Kd1 Nxb5 50. Bg4 Kxa6 51. Be2 Kb6 52. Kc2 Nd4+
53. Kd3 Nxe2 54. Kxe2 Kb5 55. Kxe3 a5 56. Kd2 Kc4 0-1

[Event "4. Wittelsbacher Weihnachts-Schach-Open"]
[Site "Kelheim"]
[Date "2015.12.28"]
[Round "3.45"]
[White "Meulner, Fabian"]
[Black "Michel, Philipp"]
[Result "1-0"]
[WhiteElo "1854"]
[BlackElo "1712"]
[PlyCount "67"]
[EventDate "2015.??.??"]
[WhiteTeam "SW Nürnberg Süd"]
[BlackTeam "SC Forchheim"]

1. e4 c6 2. d4 d5 3. f3 Nf6 4. e5 Nfd7 5. Nc3 Nb6 6. a4 a5 7. Nge2 Bf5 8. g4
Bg6 9. h4 h6 10. Nf4 Bh7 11. e6 fxe6 12. Bd3 Qd6 13. Bxh7 Rxh7 14. Qd3 g6 15.
Nxg6 Rf7 16. Ne5 Rf6 17. Ne2 Na6 18. c3 O-O-O 19. Bf4 Re8 20. h5 Bg7 21. Bh2 c5
22. Qb5 Nc7 23. Qxa5 c4 24. Qa7 Nd7 25. Nxc4 Qa6 26. Qxa6 Nxa6 27. Ne5 Ref8 28.
O-O Bh8 29. Nxd7 Kxd7 30. Be5 R6f7 31. Bxh8 Rxh8 32. Nc1 Ra8 33. Nd3 Kc6 34.
Ne5+ 1-0

[Event "4. Wittelsbacher Weihnachts-Schach-Open"]
[Site "Kelheim"]
[Date "2015.12.28"]
[Round "3.46"]
[White "Klenk, Sofie"]
[Black "Trefflich, Marcus"]
[Result "1-0"]
[WhiteElo "1823"]
[BlackElo "1371"]
[PlyCount "99"]
[EventDate "2015.??.??"]
[WhiteTeam "SC Tarrasch München"]
[BlackTeam "SC Treuchtlingen"]

1. e4 c6 2. d4 d5 3. exd5 cxd5 4. Nf3 Bf5 5. Bb5+ Nc6 6. c4 a6 7. Bxc6+ bxc6 8.
cxd5 cxd5 9. O-O Nf6 10. Nc3 e6 11. Bf4 Be7 12. Rc1 O-O 13. Nh4 Nh5 14. Nxf5
Nxf4 15. Nxe7+ Qxe7 16. Qf3 Ng6 17. Rfe1 Qd6 18. g3 Qb4 19. Qe3 Qxb2 20. Rb1
Qa3 21. Nxd5 Qxe3 22. Nxe3 Rab8 23. d5 Ne5 24. Kg2 exd5 25. Nxd5 Nd3 26. Ne7+
Kh8 27. Red1 Rxb1 28. Rxb1 g6 29. Rb6 Re8 30. Rb7 Nc1 31. a3 Nd3 32. Kf3 Ne5+
33. Kf4 Nd3+ 34. Ke3 Ne5 35. Kd4 Nf3+ 36. Kc5 Nxh2 37. Kb6 Ng4 38. f4 Nf6 39.
Kxa6 Ne4 40. Kb6 Nxg3 41. a4 Nf5 42. Nxf5 gxf5 43. a5 Re4 44. a6 Rxf4 45. a7
Ra4 46. Rxf7 Kg8 47. Rxf5 Rxa7 48. Kxa7 Kg7 49. Kb6 Kg6 50. Rd5 1-0

[Event "4. Wittelsbacher Weihnachts-Schach-Open"]
[Site "Kelheim"]
[Date "2015.12.28"]
[Round "3.47"]
[White "Ebenhöch, Daniel"]
[Black "Meier, Jannik"]
[Result "1-0"]
[WhiteElo "2041"]
[BlackElo "1353"]
[PlyCount "61"]
[EventDate "2015.??.??"]
[WhiteTeam "SK Ingolstadt"]
[BlackTeam "TV Tegernsee"]

1. Nf3 d5 2. d4 Bf5 3. c4 e6 4. Nc3 Nf6 5. Qb3 b6 6. Bg5 Be7 7. Bxf6 Bxf6 8.
cxd5 O-O 9. e3 Nd7 10. Be2 Kh8 11. e4 Bg4 12. e5 Be7 13. h3 Bf5 14. dxe6 Bxe6
15. Bc4 Bxc4 16. Qxc4 Qc8 17. O-O Kg8 18. Rac1 c6 19. Ne4 Nb8 20. d5 c5 21. b4
Na6 22. d6 Bd8 23. d7 Qxd7 24. Qxa6 cxb4 25. Rfd1 Qe6 26. Rd4 Be7 27. Nd6 Rfd8
28. Rcd1 f6 29. Rd5 fxe5 30. Rxe5 Qf6 31. Qc4+ 1-0

[Event "4. Wittelsbacher Weihnachts-Schach-Open"]
[Site "Kelheim"]
[Date "2015.12.28"]
[Round "3.48"]
[White "Fritsch, Julian"]
[Black "Schwenck, Mathias"]
[Result "1/2-1/2"]
[WhiteElo "1377"]
[BlackElo "1920"]
[PlyCount "47"]
[EventDate "2015.??.??"]
[WhiteTeam "SK Kelheim"]
[BlackTeam "SC Moosburg"]

1. f4 d5 2. e3 Nf6 3. d3 c5 4. Nf3 Nc6 5. Be2 Qc7 6. O-O e5 7. fxe5 Nxe5 8. d4
Nc6 9. Nc3 Be6 10. Ng5 a6 11. Nxe6 fxe6 12. Bh5+ Nxh5 13. Qxh5+ g6 14. Qg4 Qd7
15. Rf6 O-O-O 16. Rxe6 cxd4 17. Nxd5 Kb8 18. Nf6 Qc7 19. exd4 h5 20. Qe4 Nxd4
21. Nd5 Rxd5 22. Qxd5 Nxe6 23. Qxe6 Bd6 24. g3 1/2-1/2

[Event "4. Wittelsbacher Weihnachts-Schach-Open"]
[Site "Kelheim"]
[Date "2015.12.28"]
[Round "3.49"]
[White "Burgard, Manfred"]
[Black "Gabler, Eric"]
[Result "0-1"]
[WhiteElo "1565"]
[BlackElo "1919"]
[PlyCount "82"]
[EventDate "2015.??.??"]
[WhiteTeam "SF Roding"]
[BlackTeam "TV Geiselhöring"]

1. d4 Nf6 2. c4 Nc6 3. Nf3 e6 4. Nc3 d5 5. Bg5 Be7 6. e3 O-O 7. Bd3 b6 8. O-O
Bb7 9. Bxf6 Bxf6 10. cxd5 exd5 11. a3 g6 12. Qc2 Ne7 13. b4 c5 14. bxc5 bxc5
15. Rab1 Rb8 16. dxc5 Qa5 17. Ne2 Rfc8 18. Rfc1 Qxa3 19. Ned4 Ba6 20. Rxb8 Rxb8
21. Bxa6 Qxa6 22. c6 Rb4 23. Nd2 Bxd4 24. exd4 Rb6 25. c7 Rc6 26. Qb2 Qb6 27.
Qa3 Rxc7 28. Rxc7 Qxc7 29. Qa4 Kg7 30. Nb3 Qc4 31. Qxc4 dxc4 32. Na5 c3 33. Nb3
Kf6 34. Kf1 Nd5 35. Ke1 Nb4 36. f3 Ke6 37. Ke2 Kd5 38. Ke3 f5 39. f4 Kc4 40.
Na5+ Kb5 41. Nb3 a5 0-1